[Event "Groningen op"]
[Site "Groningen"]
[Date "1995.??.??"]
[Round "?"]
[White "Stillger, Bernhard"]
[Black "Porper, Eduard"]
[Result "1/2-1/2"]
[WhiteElo "2285"]
[BlackElo "2425"]

1.e4 d6 2.d4 Nf6 3.Nc3 e5 4.Nf3 Nbd7 5.Bc4 Be7 6.O-O O-O 7.Re1 c6 8.a4 Qc7
9.Ba2 b6 10.d5 cxd5 11.Nxd5 Nxd5 12.Bxd5 Bb7 13.c3 Bxd5 14.Qxd5 Qc5 15.Qd3 Rac8
16.Be3 Qc6 17.Nd2 Rc7 18.Red1 Rd8 19.Qb5 Nf6 20.Qxc6 Rxc6 21.Bg5 Kf8 22.f3 d5
23.Bxf6 Bxf6 24.exd5 Rxd5 25.Ne4 Rxd1+ 26.Rxd1 Be7 27.Rd7 a5 28.g4 f6 29.Kf2 Kf7
30.Ke2 Ke6 31.Rb7 g6 32.Kd3 h6 33.Nd2 f5 34.b3 e4+ 35.fxe4 fxg4 36.Nc4 Bc5
37.e5 Kf5 38.Rf7+ Kg5 39.Ke4 Bg1 40.Kd5 Rc5+ 41.Ke4 Rc6 42.Kd5 Rc5+  1/2-1/2

[Event "Wch U18 Girls"]
[Site "Guarapuava"]
[Date "1995.??.??"]
[Round "4"]
[White "Ghate, Swati"]
[Black "Mereacre, Natasa"]
[Result "1/2-1/2"]
[WhiteElo "2165"]
[BlackElo "2095"]

1.e4 d6 2.d4 Nf6 3.Nc3 e5 4.Nf3 Nbd7 5.Be2 Be7 6.O-O O-O 7.b3 Re8 8.Re1 c6
9.a4 Bf8 10.Bf1 a5 11.Ba3 Qc7 12.Qd2 Nb6 13.h3 Be6 14.Rad1 Rad8 15.Na2 Nxa4
16.d5 cxd5 17.exd5 Bxd5 18.Bb5 Nc5 19.Bxe8 Rxe8 20.Nh2 b5 21.Nc1 Nce4 22.Qe3 Nc3
23.Rd3 b4 24.Bb2 Be4 25.Rd2 d5 26.Nd3 Bxd3 27.cxd3 Bc5 28.Qg3 Bd6 29.Ng4 Nh5
30.Qh4 Nf4 31.f3 Ng6 32.Qf2 f5 33.Ne3 Bc5 34.d4 Bxd4 35.Rxd4 exd4 36.Nxf5 Rxe1+
37.Qxe1 Qe5 38.Qxe5 Nxe5 39.Nxd4 Nd3 40.Ba1 Nc5 41.Kf1 a4 42.Bxc3 bxc3 43.bxa4 Nxa4
44.Ke2 Kf7 45.Kd3 Kf6 46.Ne2 g5 47.Nxc3 Nxc3 48.Kxc3 Ke5 49.g3 h5 50.Kd3 h4
51.gxh4 gxh4 52.Ke3 Kf5 53.f4 d4+ 54.Kxd4 Kxf4 55.Kd3  1/2-1/2

[Event "Wch U18"]
[Site "Guarapuava"]
[Date "1995.??.??"]
[Round "5"]
[White "Sutovskij, Emil"]
[Black "Chuprov, A."]
[Result "1/2-1/2"]
[WhiteElo "2545"]
[BlackElo "2420"]

1.e4 d6 2.d4 Nf6 3.Nc3 e5 4.dxe5 dxe5 5.Qxd8+ Kxd8 6.Bg5 Be6 7.O-O-O+ Nd7
8.g3 Kc8 9.f4 Bg4 10.Re1 Bc5 11.Bd3 h6 12.Bxf6 Nxf6 13.f5 Bh5 14.Bf1 Nd7
15.h3 f6 16.Bc4 c6 17.g4 Be8 18.Nge2 Kc7 19.h4 Rd8 20.Rh3 b5 21.Be6 Be7 22.a3  1/2-1/2

[Event "Wch U16 Girls"]
[Site "Guarapuava"]
[Date "1995.??.??"]
[Round "5"]
[White "Aatrhi, Ramaswamy"]
[Black "Kiss, Fernanda"]
[Result "0-1"]
[WhiteElo "2040"]
[BlackElo "2130"]

1.e4 d6 2.d4 Nf6 3.Nc3 Nbd7 4.Nf3 e5 5.Bc4 Be7 6.O-O O-O 7.Bb3 c6 8.Bg5 h6
9.Bh4 Re8 10.Qd2 Qc7 11.Rfe1 b5 12.Bg3 Bf8 13.dxe5 dxe5 14.Rad1 a5 15.a3 Ba6
16.Nh4 Nc5 17.f3 Rad8 18.Qc1 Nh5 19.Bf2 Nf4 20.Ne2 Nxb3 21.cxb3 Nd3 22.Qe3 Bc5  0-1

[Event "Wch U18"]
[Site "Guarapuava"]
[Date "1995.??.??"]
[Round "9"]
[White "Dumitrescu, Dragos"]
[Black "Ruck, Robert"]
[Result "0-1"]
[WhiteElo "2375"]
[BlackElo "2480"]

1.d4 d6 2.e4 Nf6 3.Nc3 Nbd7 4.Nf3 e5 5.Bc4 Be7 6.O-O O-O 7.h3 c6 8.a4 h6
9.Qe2 exd4 10.Nxd4 Re8 11.Bf4 Bf8 12.Qf3 Ne5 13.Bxe5 Rxe5 14.Rfe1 Bd7 15.Qd3 Nh5
16.Nde2 Qh4 17.f4 Ree8 18.Qf3 d5 19.Bd3 dxe4 20.Nxe4 f5 21.N4g3 Bc5+ 22.Kh2 Nf6
23.Bxf5 Re3 24.Qf1 Rf8 25.Bxd7 Nxd7 26.Nh1 Ne5 27.g3 Qh5 28.Ng1 Ng4+ 29.Kg2 Qd5+
30.Nf3 Rxe1 31.Rxe1 Ne3+ 32.Rxe3 Bxe3 33.Nf2 Bxf2 34.Qxf2 Qe4 35.b3 Rd8 36.Kf1 Rd1+
37.Ne1 a5 38.h4 Qd5 39.Qe2 Rd2 40.Qe8+ Kh7 41.Kg1 b5 42.h5 Qd4+ 43.Kh1 Qd7
44.Qg6+ Kh8 45.Kg1 Qd4+ 46.Kh1 Re2 47.Nd3 Qd5+  0-1

[Event "Wch U18"]
[Site "Guarapuava"]
[Date "1995.??.??"]
[Round "11"]
[White "Sutovskij, Emil"]
[Black "Rowson, Jonathan"]
[Result "1-0"]
[WhiteElo "2545"]
[BlackElo "2400"]

1.e4 d6 2.d4 Nf6 3.Nc3 e5 4.Nf3 Nbd7 5.Bc4 Be7 6.O-O O-O 7.a4 c6 8.Ba2 b6
9.Re1 a6 10.d5 cxd5 11.Bxd5 Rb8 12.Be3 Qc7 13.Qd3 Bb7 14.Bxb7 Qxb7 15.Nh4 g6
16.Bh6 Rfd8 17.Nf5 Bf8 18.Bxf8 Nxf8 19.Ne3 Ne6 20.Ncd5 Nxd5 21.Nxd5 Nc7 22.Nf6+ Kg7
23.Qf3 h5 24.Ra3 d5 25.Nxh5+ gxh5 26.Qxh5 Ne6 27.Qxe5+ Kf8 28.Qh8+ Ke7 29.Qh4+ Kf8
30.exd5 Qxd5 31.Rf3 Qg5 32.Qh7 Qg7 33.Qe4 Rd6 34.h3 Rbd8 35.Ree3 Qxb2 36.Qf5 R8d7
37.Rxe6 Rxe6 38.Qxe6 Qa1+ 39.Kh2 Qxa4 40.Qh6+  1-0

[Event "Hajduboszormeny IM"]
[Site "Hajduboszormeny"]
[Date "1995.??.??"]
[Round "4"]
[White "Kakuk, Sandor"]
[Black "Okhotnik, Vladimir"]
[Result "1-0"]
[WhiteElo "2240"]
[BlackElo "2440"]

1.e4 d6 2.d4 Nf6 3.Nc3 c6 4.f4 Qa5 5.Bd3 e5 6.dxe5 dxe5 7.f5 b5 8.Bd2 Qb6
9.g4 Bc5 10.Nh3 h5 11.g5 Ng4 12.Qe2 a5 13.Nd1 Na6 14.Nhf2 Nxf2 15.Nxf2 Nb4
16.a3 Bxf2+ 17.Qxf2 Nxd3+ 18.cxd3 Qd8 19.Qc5 Qc7 20.Bc3 f6 21.d4 exd4 22.Bxd4 fxg5
23.Bxg7 Rg8 24.f6 Be6 25.O-O-O Qf4+ 26.Rd2 Qc7 27.Rhd1 Kf7 28.Qxg5 Bg4 29.Rd7+ Qxd7
30.Rxd7+ Bxd7 31.Qxh5+ Ke6 32.Qg6  1-0

[Event "Hajduboszormeny Knockout"]
[Site "Hajduboszormeny"]
[Date "1995.??.??"]
[Round "4"]
[White "Meszaros, Andras"]
[Black "Mester, Gyula"]
[Result "1/2-1/2"]
[WhiteElo "2355"]
[BlackElo "2340"]

1.e4 d6 2.d4 Nd7 3.Nc3 Ngf6 4.f4 e5 5.dxe5 dxe5 6.fxe5 Nxe5 7.Qxd8+ Kxd8
8.Nf3 Nfd7 9.Bf4 Bd6 10.Bg3 c6 11.O-O-O Ke7 12.Be2 f6 13.Nd4 g6 14.Rhf1 Nc5
15.Rf2 h5 16.Nf3 Ncd7 17.Nh4 Bc5 18.Rff1 b5 19.Bxb5 cxb5 20.Nd5+ Kf7 21.Nxf6 Kg7
22.Rd5 Be7 23.Nxd7 Nxd7 24.Rfd1 Nf6 25.Rxb5 Nxe4 26.Re1 Bxh4 27.Bxh4 Bf5
28.Rb7+ Kh6 29.Be7 Rhe8 30.h4 g5 31.hxg5+ Kg6 32.Rf1 a6 33.Rb6+ Kf7 34.Rb7 Kg6
35.Rb6+ Kf7 36.Rb7  1/2-1/2

[Event "Hajduboszormeny IM"]
[Site "Hajduboszormeny"]
[Date "1995.??.??"]
[Round "6"]
[White "Kotan, Ladislav"]
[Black "Okhotnik, Vladimir"]
[Result "1/2-1/2"]
[WhiteElo "2380"]
[BlackElo "2440"]

1.e4 d6 2.d4 Nf6 3.Nc3 e5 4.Nf3 exd4 5.Qxd4 c5 6.Bb5+ Nbd7 7.Qd3 a6 8.Bxd7+ Bxd7
9.O-O Be7 10.Re1 O-O 11.Bf4 Qb6 12.b3 Rad8 13.Rad1 Bg4 14.h3 Be6 15.Nd5 Bxd5
16.exd5 Qc7 17.c4 Ne8 18.Bg5 Bxg5 19.Nxg5 Nf6 20.Re3 h6 21.Nf3 Rfe8 22.Rde1 Qd7
23.Nh4 Rxe3 24.Rxe3 Re8 25.g4 g6 26.a4 Kg7 27.Kg2 Rxe3 28.Qxe3 b5 29.axb5 axb5
30.Nf3 bxc4 31.bxc4 Nxg4 32.hxg4 Qxg4+ 33.Kh2 Qxc4 34.Qd2 Qg4 35.Ne1 h5 36.Qc3+ f6
37.Qe3 Qh4+ 38.Kg1 Qg5+ 39.Ng2 Qxd5 40.Qe7+ Kh6 41.Qf8+ Kh7 42.Qe7+ Kh6 43.Qf8+  1/2-1/2

[Event "Wch U20"]
[Site "Halle"]
[Date "1995.??.??"]
[Round "5"]
[White "Oral, Tomas"]
[Black "Nalbandian, Tigran"]
[Result "1/2-1/2"]
[WhiteElo "2410"]
[BlackElo "2460"]

1.e4 d6 2.d4 Nf6 3.Nc3 e5 4.Nf3 Nbd7 5.Bc4 Be7 6.O-O O-O 7.a4 c6 8.Qe2 Qc7
9.h3 b6 10.d5 Bb7 11.dxc6 Bxc6 12.Bg5 Bb7 13.Rfd1 Rfc8 14.Bxf6 Nxf6 15.Ba6 Bxa6
16.Qxa6 Qc4 17.Qxc4 Rxc4 18.Nd2 Rc5 19.Nf1 Rxc3 20.bxc3 Nxe4 21.c4 Rc8 22.Ne3 Rc5
23.a5 g6 24.Nd5 Bh4 25.f3 Ng3 26.Nxb6 Rc6 27.Nd5 Rxc4 28.c3 e4 29.a6 h5 30.Ra5 Nf5
31.fxe4 Rxe4 32.Ra2 Ng7 33.Nc7 Bd8 34.Nd5 Bh4 35.Nc7 Bd8 36.Nd5 Bh4  1/2-1/2

[Event "Wch U20"]
[Site "Halle"]
[Date "1995.??.??"]
[Round "7"]
[White "Relange, Eloi"]
[Black "Fridman, Daniel"]
[Result "1/2-1/2"]
[WhiteElo "2455"]
[BlackElo "2490"]

1.e4 d6 2.d4 Nf6 3.Nc3 e5 4.Nf3 Nbd7 5.Bc4 Be7 6.O-O O-O 7.h3 c6 8.a4 Qc7
9.Ba2 exd4 10.Nxd4 Nc5 11.Qf3 Be6 12.Nf5 Bxa2 13.Rxa2 g6 14.Nxe7+ Qxe7 15.Re1 Qe6
16.Bg5 Nd5 17.Raa1 Nxc3 18.Qxc3 Nxe4 19.Qd4 Qd5 20.Qxd5 cxd5 21.Be3 Rfc8
22.c3 Nc5 23.a5 Re8 24.Red1 Re5 25.Bf4  1/2-1/2

[Event "Wch U20"]
[Site "Halle"]
[Date "1995.??.??"]
[Round "9"]
[White "Iordachescu, Viorel"]
[Black "Rowson, Jonathan"]
[Result "1-0"]
[WhiteElo "2435"]
[BlackElo "2400"]

1.e4 d6 2.d4 Nf6 3.Nc3 e5 4.Nf3 Nbd7 5.Bc4 Be7 6.O-O O-O 7.Re1 c6 8.a4 b6
9.d5 cxd5 10.Nxd5 Bb7 11.b3 Rc8 12.Ra2 Nxd5 13.Bxd5 Bxd5 14.exd5 f5 15.c4 a5
16.Ba3 Nc5 17.Rae2 Bf6 18.Kh1 Qd7 19.Rf1 Kh8 20.Ne1 g5 21.f3 Rg8 22.Nd3 Rg6
23.Nf2 Rf8 24.Bxc5 bxc5 25.g4 Bd8 26.gxf5 Rxf5 27.Ne4 Rf4 28.Ng3 Be7 29.Rg2 Rh6
30.Qe1 Bd8 31.Ne4 Qf5 32.Qe2 Rg6 33.Rg4 h5 34.Ng3 hxg4 35.Nxf5 Rxf5 36.Qe4 Rgf6
37.Qxg4 Kg7 38.Rg1 Kg6 39.Rg3 Kf7 40.Rh3 Ke8 41.Rh8+ Kd7 42.Qh5 Rf7 43.Rh7 Ke8
44.Qg6  1-0

[Event "Wch U20"]
[Site "Halle"]
[Date "1995.??.??"]
[Round "12"]
[White "Rowson, Jonathan"]
[Black "Petrov, Jole"]
[Result "1-0"]
[WhiteElo "2400"]
[BlackElo "2340"]

1.e4 d6 2.d4 Nf6 3.Nc3 Nbd7 4.Nf3 e5 5.Bc4 Be7 6.O-O O-O 7.a4 c6 8.Ba2 b6
9.Re1 Bb7 10.b4 a6 11.Bb2 Qc7 12.Qd3 c5 13.bxc5 dxc5 14.dxe5 Nxe5 15.Nxe5 Qxe5
16.Rab1 Qh5 17.Ba1 Rab8 18.Qg3 Ba8 19.Nd5 Bxd5 20.exd5  1-0

[Event "Wichern op"]
[Site "Hamburg"]
[Date "1995.??.??"]
[Round "6"]
[White "Ginsburg, Gennadij"]
[Black "Pehlgrim, Andreas"]
[Result "1-0"]
[WhiteElo "2460"]
[BlackElo "2210"]

1.e4 d6 2.d4 Nf6 3.Nc3 c6 4.Nf3 Bg4 5.Be2 d5 6.e5 Nfd7 7.Ng5 Bxe2 8.e6 f6
9.Qxe2 fxg5 10.exd7+ Qxd7 11.Bxg5 Qf5 12.h4 h6 13.g4 Qf7 14.Bd2 Nd7 15.O-O-O O-O-O
16.Rh3 g6 17.Rf3 Qg8 18.Bf4 h5 19.Nb5 e5 20.Bxe5 Nxe5 21.Qxe5 Rh7 22.Nxa7+ Kd7
23.Rb3 Rb8 24.Nxc6 Kxc6 25.Rdd3 Kd7 26.Rb6  1-0

[Event "Wichern op"]
[Site "Hamburg"]
[Date "1995.??.??"]
[Round "9"]
[White "Stelting, Thorsten"]
[Black "Semmler, Guenter"]
[Result "1-0"]
[WhiteElo "2290"]
[BlackElo "2150"]

1.e4 d6 2.d4 Nf6 3.Nc3 Nbd7 4.f4 e5 5.Nf3 exd4 6.Qxd4 g6 7.Bc4 Bg7 8.e5 Qe7
9.O-O dxe5 10.fxe5 c5 11.Qh4 Nb6 12.exf6 Bxf6 13.Bb5+ Bd7 14.Bxd7+ Nxd7 15.Bg5  1-0

[Event "Harkany op "]
[Site "Harkany"]
[Date "1995.??.??"]
[Round "?"]
[White "Dusper, Hrvoje"]
[Black "Horvath, Julia"]
[Result "1/2-1/2"]
[WhiteElo "2230"]
[BlackElo "2295"]

1.e4 d6 2.d4 Nf6 3.Nc3 e5 4.Bg5 Be7 5.Nf3 Nbd7 6.Bc4 O-O 7.O-O c6 8.Bb3 Qc7
9.Nh4 Nb6 10.dxe5 dxe5 11.f4 h6 12.Bxf6 Bxf6 13.Ng6 Rd8 14.Qh5 Be6 15.Bxe6 fxe6
16.fxe5 Bg5 17.Qh3 Re8 18.b3 Nd7 19.Qg3 Kh7 20.h4 Kxg6 21.hxg5 Qxe5 22.Qxe5 Nxe5
23.gxh6 Kxh6 24.Ne2 Rad8 25.Rad1  1/2-1/2

[Event "Harkany op "]
[Site "Harkany"]
[Date "1995.??.??"]
[Round "?"]
[White "Feher, Gyula"]
[Black "Horvath, Julia"]
[Result "1-0"]
[WhiteElo "2415"]
[BlackElo "2295"]

1.e4 d6 2.d4 Nf6 3.Nc3 e5 4.Nf3 Nbd7 5.Bc4 Be7 6.O-O O-O 7.Re1 c6 8.a4 a5
9.Ba2 Qc7 10.h3 Nb8 11.Be3 Na6 12.Nd2 Rb8 13.Nc4 b6 14.f4 Nxe4 15.Nxe4 d5
16.dxe5 dxe4 17.Nd6 Nb4 18.Bb3 c5 19.Bc4 Bxd6 20.exd6 Qd7 21.Bb5 Nc6 22.Qd5 Bb7
23.Rad1 Rbd8 24.Qxe4 Na7 25.Qe7 Nxb5 26.axb5 f6 27.f5 Bc8 28.Qxd7 Bxd7 29.g4 Bxb5
30.Bf4 Rf7 31.Re3 Bc6 32.Rde1 Bd7 33.Re7 h5 34.Rxf7 Kxf7 35.Re7+ Kg8 36.Kf2 hxg4
37.hxg4 b5 38.Be3 g6 39.fxg6 Bxg4 40.Bxc5 Rd7 41.Re8+ Kg7 42.Rb8 Bf5 43.Rxb5 Bxc2
44.Rxa5 Kxg6 45.Ra3 Be4 46.Ke3 f5 47.Kd4 Kf6 48.Rh3 Rb7 49.b4 Bc6 50.Rh8 Be4
51.Kc4 Ke6 52.Rh6+ Kd7 53.Rf6 Kc6 54.Rf8 Kd7 55.Rf6 Kc6 56.Kd4 Kd7 57.Ke5 Kc6
58.Rf8 Rd7 59.Rb8 Rb7 60.Rxb7 Kxb7 61.d7 Kc7 62.Ke6 Bc6 63.Bb6+  1-0

[Event "Harkany op "]
[Site "Harkany"]
[Date "1995.??.??"]
[Round "?"]
[White "Sulc, Damir"]
[Black "Zemerov, Vladimir"]
[Result "1-0"]
[WhiteElo "2255"]
[BlackElo "2420"]

1.e4 d6 2.d4 Nf6 3.Nc3 e5 4.Nf3 Nbd7 5.Bc4 Be7 6.O-O O-O 7.h3 c6 8.Bb3 exd4
9.Nxd4 Nc5 10.Re1 Nxb3 11.axb3 Re8 12.Bf4 Bf8 13.Qd2 Nd7 14.Rad1 Ne5 15.Bg3 f6
16.f4 Nf7 17.Nf3 Qa5 18.Bf2 Qc7 19.f5 b5 20.Qf4 b4 21.Ne2 a5 22.g4 Qe7 23.Ng3 Bb7
24.h4 c5 25.g5 Ne5 26.Nxe5 dxe5 27.Qg4 Kh8 28.Be3 a4 29.bxa4 Rxa4 30.b3 Raa8
31.Rd2 Red8 32.Rg2 Ra6 33.Nh5 Qf7 34.g6 Qg8 35.gxh7 Qxh7 36.Ng3 Bc8 37.h5 Ra7
38.Nf1 Rd4 39.Bxd4 exd4 40.Nh2 Bd6 41.Nf3 Bd7 42.h6 gxh6 43.Qh4  1-0

[Event "Hastings Masters"]
[Site "Hastings"]
[Date "1995.??.??"]
[Round "4"]
[White "Wall, Gavin"]
[Black "Summerscale, Aaron"]
[Result "0-1"]
[WhiteElo "2265"]
[BlackElo "2455"]

1.e4 d6 2.d4 Nf6 3.Nc3 c6 4.Bg5 Nbd7 5.f4 Qa5 6.Qd2 e5 7.Nf3 Be7 8.O-O-O h6
9.Bxf6 Bxf6 10.Kb1 Qc7 11.dxe5 dxe5 12.f5 Nb6 13.g4 Bd7 14.h4 O-O-O 15.Qh2 g6
16.Bd3 c5 17.Bb5 Bc6 18.Rxd8+ Kxd8 19.Nd2 Bxb5 20.Nxb5 Qc6 21.Qe2 c4 22.Na3 c3
23.Qd3+ Ke7 24.Qxc3 Qxc3 25.bxc3 Rc8 26.c4 Kf8 27.Kc1 Be7 28.Nab1 Nxc4 29.Rh3 b5
30.fxg6 fxg6 31.Kd1 Bb4 32.c3 Be7 33.h5 gxh5 34.gxh5 Bg5 35.Nf1 Rc6 36.Rf3+ Ke7
37.Kc2 Rd6 38.Ng3 Rd7 39.Nf5+ Ke6 40.Rg3 Kf7 41.Rg1 Rc7 42.Rd1 Ke6 43.Kb3 a6
44.Rg1 Rc6 45.Rd1 Nb6 46.Kc2 Na4 47.Ng7+ Kf6 48.Ne8+ Ke7 49.Ng7 Nc5 50.Rd5 Bf4
51.Nd2 Bxd2 52.Rxd2 Nxe4 53.Rd3 Kf6 54.Rd7 Rxc3+ 55.Kb2 Rc8  0-1

[Event "Hastings Challengers9596"]
[Site "Hastings"]
[Date "1995.??.??"]
[Round "7"]
[White "Mortensen, Beatrix"]
[Black "Shaw, John"]
[Result "1-0"]
[WhiteElo "2060"]
[BlackElo "2280"]

1.e4 d6 2.d4 Nf6 3.Nc3 e5 4.Nf3 Nbd7 5.Bc4 Be7 6.O-O O-O 7.Re1 Nb6 8.Bf1 exd4
9.Nxd4 c5 10.Nf5 Bxf5 11.exf5 d5 12.Qf3 h6 13.a4 a6 14.a5 Nc8 15.g3 Qd7 16.Bg2 Rd8
17.h4 b5 18.Rd1 Ra7 19.Nxd5 Nxd5 20.Rxd5 Qxd5 21.Qxd5 Rxd5 22.Bxd5 Rd7 23.Bf3 Bf6
24.c3 Ne7 25.Be3 b4 26.Bxc5 bxc3 27.bxc3 Rd3 28.Bb7 Rxc3 29.Bb6 Nc8 30.Bxc8 Rxc8
31.Rd1 Kf8 32.Rd7 Ra8 33.Kg2 Ke8 34.Rb7 Bd8 35.h5 Bxb6 36.Rxb6 Ra7 37.f6 g6
38.Kh3 Ra8 39.Kg4 Kf8 40.f4 Kg8 41.hxg6 fxg6 42.f5 Kf7 43.Rb7+  1-0

[Event "Hastings Masters"]
[Site "Hastings"]
[Date "1995.??.??"]
[Round "7"]
[White "Kennaugh, Charles"]
[Black "Mah, Karl"]
[Result "0-1"]
[WhiteElo "2310"]
[BlackElo "2200"]

1.e4 d6 2.Nc3 c6 3.d4 Nf6 4.g3 Nbd7 5.Bg2 e5 6.Nge2 Be7 7.O-O O-O 8.a4 Qc7
9.b3 b6 10.Ba3 Re8 11.Re1 Bb7 12.Qd2 a6 13.Rad1 Bf8 14.dxe5 dxe5 15.Bd6 Bxd6
16.Qxd6 Qxd6 17.Rxd6 Nc5 18.Red1 a5 19.Nc1 Kf8 20.Nd3 Nxd3 21.R1xd3 Ke7 22.f4 Red8
23.fxe5 Nd7 24.e6 fxe6 25.Bh3 Nc5 26.Rxd8 Rxd8 27.Rxd8 Kxd8 28.Kf2 Ke7 29.Ke3 e5
30.Bg4 Ne6 31.Ne2 b5 32.Bxe6 Kxe6 33.h4 Bc8 34.Ng1 Kd6 35.Nf3 h6 36.Kd2 Bg4
37.Ne1 bxa4 38.bxa4 c5 39.Kd3 Bd7 40.Ng2 Bxa4 41.Ne3 Bb5+ 42.Kc3 g6 43.g4 c4
44.h5 gxh5 45.gxh5 Kc5 46.Ng4 Be8 47.Nxe5 Bxh5 48.Nxc4 a4 49.Nb2 Be8 50.Nd3+ Kd6
51.Kb4 Bc6 52.e5+ Kd5 53.c4+ Ke4 54.Nc5+ Kxe5 55.Nxa4 Bxa4 56.Kxa4 h5 57.Kb5 h4
58.c5 h3 59.c6 Kd6 60.Kb6 h2  0-1

[Event "Hastings Challengers9596"]
[Site "Hastings"]
[Date "1995.??.??"]
[Round "10"]
[White "Cooper, Lawrence"]
[Black "Houska, Miroslav"]
[Result "1-0"]
[WhiteElo "2315"]
[BlackElo "2275"]

1.e4 d6 2.d4 Nf6 3.Nc3 c6 4.f4 Qa5 5.Bd3 e5 6.Nf3 Bg4 7.dxe5 dxe5 8.fxe5 Nfd7
9.Bf4 Nxe5 10.Bxe5 Bxf3 11.Qxf3 Qxe5 12.O-O Bc5+ 13.Kh1 O-O 14.Qh3 g6 15.Bc4 Kg7
16.Rf3 b5 17.Bb3 a5 18.Raf1 Ra7 19.a4 b4 20.Ne2 Qxe4 21.Ng3 Qe5 22.Qg4 f6
23.h4 h5 24.Nf5+ Qxf5 25.Rxf5 hxg4 26.Rxc5 Rd8 27.Kg1 Rd6 28.Rc4 f5 29.h5 Re7
30.hxg6 Re5 31.Rcf4 Kxg6 32.Bc4 Kg5 33.Bd3 Rdd5 34.b3 Nd7 35.Bc4 Rd2 36.Bd3 g3
37.Bxf5 Nc5 38.Rg4+ Kh5 39.Rxg3 Kh4 40.Rf4+ Kh5 41.Bg6+ Kh6 42.Bf7 Re1+ 43.Kh2 Re4
44.Rf6+ Kh7 45.Bg8+  1-0

[Event "Hillerod Politiken"]
[Site "Hillerod"]
[Date "1995.??.??"]
[Round "4"]
[White "Borge, Nikolaj"]
[Black "Jansa, Vlastimil"]
[Result "1/2-1/2"]
[WhiteElo "2405"]
[BlackElo "2525"]

1.e4 d6 2.d4 Nf6 3.Nc3 Nbd7 4.g4 e5 5.g5 exd4 6.Qxd4 Ng8 7.h4 h6 8.Bg2 c6
9.Bf4 Qb6 10.O-O-O Qxd4 11.Rxd4 hxg5 12.hxg5 Rxh1 13.Bxh1 Ne5 14.Nf3 f6 15.gxf6 gxf6
16.Nh4  1/2-1/2

[Event "Hlohovec op"]
[Site "Hlohovec"]
[Date "1995.??.??"]
[Round "?"]
[White "Zatonskih, Anna"]
[Black "Bisco, Igor"]
[Result "1-0"]
[WhiteElo "2260"]
[BlackElo "2175"]

1.e4 d6 2.d4 Nf6 3.Nc3 Nbd7 4.Nf3 e5 5.Bc4 Be7 6.O-O O-O 7.Qe2 c6 8.a4 b6
9.Rd1 Qc7 10.b3 Bb7 11.Bb2 a6 12.d5 c5 13.Nh4 g6 14.g3 Nh5 15.Ng2 Bg5 16.Rf1 Bh6
17.Rae1 Ng7 18.Ne3 Nf6 19.f4 exf4 20.gxf4 Nfh5 21.Ng2 Bc8 22.Qd3 Qd7 23.Ne2 Qg4
24.Rf3 Bd7 25.h3  1-0

[Event "Hlohovec op"]
[Site "Hlohovec"]
[Date "1995.??.??"]
[Round "?"]
[White "Veselsky, Jozef"]
[Black "Kovacocy, Pavol"]
[Result "1-0"]
[WhiteElo "2225"]
[BlackElo "2270"]

1.d4 d6 2.e4 Nf6 3.Nc3 c6 4.Be2 Nbd7 5.Nf3 e5 6.dxe5 dxe5 7.O-O Be7 8.h3 O-O
9.Be3 Qc7 10.a3 Nc5 11.Nd2 a5 12.b4 axb4 13.axb4 Rxa1 14.Qxa1 Ncd7 15.Rb1 b5
16.Qb2 Bb7 17.Ra1 Ra8 18.Rxa8+ Bxa8 19.Na2 Bb7 20.c4 Ba6 21.Qc2 bxc4 22.Nxc4 Bxc4
23.Bxc4 Nb6 24.Bb5 Bd6 25.Bxc6 Nfd7 26.b5 Kf8 27.Nc3 Nc4 28.Bc1 Ndb6 29.Qa2 Bc5
30.Nd5 Qd6 31.Qa6 h6 32.Qb7 Na5 33.Qc7 Qxc7 34.Nxc7 Nxc6 35.bxc6 Nc8 36.Nd5 Na7
37.c7 Ke8 38.Kf1 Kd7 39.f4 Bd6 40.Bb2 f6 41.fxe5 fxe5 42.Ke2 Nc6 43.Kf3 Bxc7
44.Nxc7 Kxc7 45.Kg4 g6 46.Bc1 Kd6 47.Bxh6 Ke6 48.Bg7 Kf7 49.Bh8 Ke6 50.Kg5 Nd8
51.Kxg6 Nf7 52.Bg7 Nd6 53.h4 Nxe4 54.h5 Nd6 55.h6 e4 56.h7 Nf7 57.h8=Q Nxh8+
58.Bxh8 Kd5 59.Bc3  1-0

[Event "Hlohovec op"]
[Site "Hlohovec"]
[Date "1995.??.??"]
[Round "?"]
[White "Zavadsky, Peter"]
[Black "Bisco, Igor"]
[Result "1-0"]
[WhiteElo "2330"]
[BlackElo "2175"]

1.e4 d6 2.d4 Nf6 3.Nc3 Nbd7 4.Nf3 e5 5.Bc4 Be7 6.O-O O-O 7.Bb3 c6 8.dxe5 dxe5
9.Qe2 Qc7 10.h3 Nc5 11.Rd1 a5 12.a3 Nxb3 13.cxb3 Be6 14.Qc2 Qb6 15.Nd2 Qc5
16.Nc4 a4 17.Nd2 axb3 18.Nxb3 Qb6 19.Nd2 Nh5 20.Re1 Bc5 21.Nf1 f5 22.Be3 f4
23.Bxc5 Qxc5 24.b4 Qa7 25.Nh2 f3 26.Re3 fxg2 27.Nf3 h6 28.Ne2 Rf6 29.Kxg2 Raf8
30.Qc3 Qa8 31.Rd1 Qe8 32.Kh2 Qf7 33.Neg1 Nf4 34.Nxe5 Qh5 35.Rd2  1-0

[Event "Hofheim MVT"]
[Site "Hofheim"]
[Date "1995.??.??"]
[Round "2"]
[White "Gustavsson, Cyrill"]
[Black "Seidel, Juergen"]
[Result "1/2-1/2"]
[WhiteElo "2170"]
[BlackElo "2050"]

1.e4 d6 2.d4 Nf6 3.Nc3 c6 4.f4 Qa5 5.Bd3 e5 6.Nf3 Bg4 7.fxe5 dxe5 8.dxe5 Nfd7
9.Bf4 Nxe5 10.Bxe5 Bxf3 11.Qxf3 Qxe5 12.Bc4 f6 13.Qh3 Nd7 14.O-O-O Bd6 15.Bf7+ Ke7
16.Rhf1 Rad8 17.Bb3 Nc5 18.Ne2 Nxb3+ 19.Qxb3 Qb5 20.Nd4 Qxb3 21.Nf5+ Kf7
22.Nxd6+ Rxd6 23.axb3 Re6 24.Rd7+ Re7 25.Rfd1 Re8 26.R1d6 Rxd7 27.Rxd7+ Re7
28.Rxe7+ Kxe7 29.Kd2 Kd6 30.b4 c5 31.c3 c4 32.Ke3 Ke5 33.g4 a6 34.h3 g6 35.Kf3 g5
36.Ke3 Ke6 37.Ke2 Kd6 38.Ke3 Ke5 39.Kf3 Kd6 40.Ke3 Ke5 41.Kf3  1/2-1/2

[Event "Hofheim MVT"]
[Site "Hofheim"]
[Date "1995.??.??"]
[Round "6"]
[White "Weng, Annegret"]
[Black "Seidel, Juergen"]
[Result "1-0"]
[WhiteElo "2125"]
[BlackElo "2050"]

1.e4 d6 2.d4 Nf6 3.Nc3 c6 4.f4 Qa5 5.Bd3 e5 6.dxe5 dxe5 7.f5 b5 8.Qe2 Nbd7
9.Nf3 Bc5 10.Bd2 Qc7 11.Ng5 Bb7 12.g4 h5 13.gxh5 Nxh5 14.O-O-O Nf4 15.Qe1 Nf6
16.Qg3 O-O-O 17.Kb1 N6h5 18.Qg4 Kb8 19.Bc1 Bc8 20.Ne2 f6 21.Nh3 Nxh3 22.Qxh3 g5
23.Qf1 Nf4 24.Ng3 Rh4 25.a4 a6 26.axb5 axb5 27.Qe1 Rdh8 28.Nf1 Qb6 29.Qc3 Qa7
30.Qb3 Rh3 31.Bd2 Qd7 32.Ba5 Kb7 33.Ng3 Rxh2 34.Rxh2 Rxh2 35.Bb4 Bxb4 36.Qxb4 Kb6
37.Qe1 Qd4 38.Bxb5 Qc5 39.Ba4 Ba6 40.Bb3 Bc4 41.Bxc4 Qxc4 42.Qg1+ Qd4 43.Rxd4  1-0

[Event "EU-ch U20"]
[Site "Holon"]
[Date "1995.??.??"]
[Round "7"]
[White "Pedersen, Daniel Vesterbaek"]
[Black "Rowson, Jonathan"]
[Result "1-0"]
[WhiteElo "2165"]
[BlackElo "2400"]

1.e4 d6 2.d4 Nf6 3.Nc3 e5 4.Nf3 Nbd7 5.Bc4 Be7 6.O-O O-O 7.Re1 c6 8.a4 b6
9.b3 a6 10.Bb2 Bb7 11.Qd2 Qc7 12.Rad1 b5 13.Bd3 Rfe8 14.Ne2 Bf8 15.Ng3 Qb6
16.a5 Qc7 17.c4 b4 18.Nf5 Rad8 19.Qg5 g6 20.c5 d5 21.Nd6 dxe4 22.Nxe8 Rxe8
23.Bxe4 exd4 24.Bc2 Rxe1+ 25.Rxe1 Bxc5 26.Nxd4 Qxa5 27.Nf5 Qd8 28.Bxf6 Qxf6
29.Re8+ Bf8 30.Qxf6 Nxf6 31.Rb8 gxf5 32.Rxb7 Ne4 33.Bxe4 fxe4 34.Rb6 c5 35.Rxa6 Be7
36.Kf1 f5 37.Ke2 Kf7 38.Rc6 h5 39.g3 h4 40.gxh4 Bxh4 41.Rxc5 Ke6 42.Rb5 Be7
43.f3 Bd6 44.fxe4 fxe4 45.Rb6 Kd5 46.Rxd6+ Kxd6 47.Ke3 Ke5 48.h4 Kf5 49.h5 Kg5
50.Kxe4 Kxh5 51.Kd4 Kg5 52.Kc4 Kf6 53.Kxb4 Ke7 54.Kc5 Kd7 55.Kb6 Kc8 56.b4 Kb8
57.b5  1-0

[Event "HUN-chT1"]
[Site "HUN"]
[Date "1995.??.??"]
[Round "?"]
[White "Ruck, Tamas"]
[Black "Mozes, Ervin"]
[Result "0-1"]
[WhiteElo "2265"]
[BlackElo "2380"]

1.e4 Nf6 2.Nc3 d6 3.d4 c6 4.Nf3 Bg4 5.Be2 Nbd7 6.O-O e5 7.Be3 Be7 8.a4 O-O
9.Nd2 Bxe2 10.Qxe2 Re8 11.d5 h6 12.a5 Qc8 13.Rfd1 Nf8 14.Nc4 c5 15.f3 Ng6
16.b4 cxb4 17.Nb5 Qb8 18.Qf2 a6 19.Ba7 Rxa7 20.Nxa7 Nd7 21.Nb6 Nc5 22.Nb5 axb5
23.Rdb1 Na6 24.Qf1 Qc7 25.Qxb5 Rd8 26.Ra2 Nf8 27.Qe2 Nd7 28.Nc4 Qc5+ 29.Kh1 Qb5
30.c3 Rc8 31.Ne3 Qxe2 32.Rxe2 Rxc3 33.Nf5 Kf8 34.h4 h5  0-1

[Event "HUN-chT2 9495"]
[Site "HUN"]
[Date "1995.??.??"]
[Round "?"]
[White "Mozes, Zoltan"]
[Black "Zemerov, Vladimir"]
[Result "0-1"]
[WhiteElo "2285"]
[BlackElo "2430"]

1.e4 d6 2.d4 Nf6 3.Nc3 e5 4.dxe5 dxe5 5.Qxd8+ Kxd8 6.Bg5 Be6 7.O-O-O+ Nd7
8.Nf3 Kc8 9.a3 Bc5 10.Bh4 Ng4 11.Rd2 f6 12.h3 Nh6 13.Bb5 c6 14.Ba4 Nf7 15.Bb3 Bxb3
16.cxb3 a5 17.Rhd1 Rd8 18.g4 g5 19.Bg3 Kc7 20.Kc2 Nf8 21.Rxd8 Rxd8 22.Rxd8 Nxd8
23.h4 h6 24.h5 Nfe6 25.Nd1 Nf7 26.Nd2 Nd6 27.f3 Nb5 28.Bf2 Bxf2 29.Nxf2 Nbd4+
30.Kb1 Nf4 31.Nd1 Ng2 32.Nc4 Nxb3 33.Nde3 Nxe3 34.Nxe3 Nd4 35.Nf5 Nxf5 36.gxf5 a4
37.Kc2 Kb6 38.Kc3 Kb5 39.Kd3 Kc5 40.Kc3 b5  0-1

[Event "HUN-chT2 9495"]
[Site "HUN"]
[Date "1995.??.??"]
[Round "?"]
[White "Somlai, Laszlo"]
[Black "Zemerov, Vladimir"]
[Result "1/2-1/2"]
[WhiteElo "2375"]
[BlackElo "2430"]

1.e4 d6 2.d4 Nf6 3.Nc3 e5 4.Nf3 Nbd7 5.Bc4 Be7 6.O-O O-O 7.Re1 c6 8.a4 a5
9.h3 Qc7 10.Bb3 exd4 11.Nxd4 Nc5 12.Qf3 Nxb3 13.Nxb3 Re8 14.Bf4 Nd7 15.Rad1 Ne5
16.Qg3 Bf8 17.Nd4 Bd7 18.Nf5 Bxf5 19.exf5 Kh8 20.Bxe5 dxe5 21.Ne4 f6 22.Qf3 Rad8
23.Rxd8 Rxd8 24.Rd1 Rd5 25.g4 Qd7 26.Nc3 Rd4 27.Rxd4 exd4 28.Qd3 Bd6 29.Ne4 h6
30.Qc4 Bb4 31.Kf1 b5 32.axb5 cxb5 33.Qe6 Qc7 34.Qe8+ Kh7 35.Qg6+ Kh8 36.Qe8+ Kh7  1/2-1/2